| 000 | 01111 a2200241 4500 | ||
|---|---|---|---|
| 001 | 54952 | ||
| 005 | 20260407155825.0 | ||
| 008 | 260407a2001 arg spa d | ||
| 003 | AR-UNSa-BCEJYS | ||
| 040 |
_aAR-UNSa-BCEJYS _bspa _cAR-UNSa-BCEJYS |
||
| 080 |
_a658.04 _xAdministración de empresas de formas específicas |
||
| 245 | 1 | 0 |
_aGlobalizar desde Latinoamérica _pel caso arcor |
| 020 | _a958-41-0233-8 | ||
| 264 | 1 |
_aBogotá : _bMcGraw-Hill Interamericana _c2001 |
|
| 300 |
_a194 p. _c24 cm. |
||
| 505 | _a1. ARCOR: cincuenta años de construcción de capacidades competitivas - 2. Desde el momento fundacional hasta la construcción de la empresa local dominante: los años 1951 a 1990 - 3. Construcción de una empresa regional en un marco de transformación institucional: la experiencia de los años noventa - 4. Mirando hacia el futuro: construyendo una empresa global desde un país emergente | ||
| 942 | _cBK | ||
| 590 | _aniveau_biblio:m niveau_hierar:0 | ||
| 100 | 1 | _aKosacoff, Bernardo | |
| 700 | 1 | _aForteza, Jorge H. | |
| 700 | 1 | _aBarbero, Maria Inés | |
| 700 | 1 | _aStengel, E. Alejandro | |
| 999 |
_c5839 _d5839 |
||